Stratergy to Promote Agroforestry in Svay Rieng District, Svay rieng Province, យុទ្ធសាស្រ្តនៃការបង្កើនកសិរុក្ខកម្មនៅ ស្រុកស្វាយរៀង ខេត្តស្វាយរៀង (Record no. 1836)

000 -LEADER
fixed length control field 00645nam a22001577a 4500
003 - CONTROL NUMBER IDENTIFIER
control field OSt
005 - DATE AND TIME OF LATEST TRANSACTION
control field 20151003163003.0
008 - FIXED-LENGTH DATA ELEMENTS--GENERAL INFORMATION
fixed length control field 151003b xxu||||| |||| 00| 0 eng d
040 ## - CATALOGING SOURCE
Transcribing agency RUA
082 ## - DEWEY DECIMAL CLASSIFICATION NUMBER
Classification number AGR សំ​ 1995 B014 Or.1
100 ## - MAIN ENTRY--PERSONAL NAME
9 (RLIN) 1944
Personal name សំ,​វិទូ
245 ## - TITLE STATEMENT
Title Stratergy to Promote Agroforestry in Svay Rieng District, Svay rieng Province, យុទ្ធសាស្រ្តនៃការបង្កើនកសិរុក្ខកម្មនៅ ស្រុកស្វាយរៀង ខេត្តស្វាយរៀង
260 ## - PUBLICATION, DISTRIBUTION, ETC. (IMPRINT)
Place of publication, distribution, etc. Phnom Penh
Name of publisher, distributor, etc. RUA
Date of publication, distribution, etc. 1995
300 ## - PHYSICAL DESCRIPTION
Extent 40p.
Other physical details ill.
Dimensions 29cm.
942 ## - ADDED ENTRY ELEMENTS (KOHA)
Source of classification or shelving scheme
Koha item type AGR
Holdings
Price effective from Date last seen Permanent Location Not for loan Date acquired Source of classification or shelving scheme Koha item type Barcode Lost status Damaged status Shelving location Withdrawn status Current Location Full call number
2015-10-032015-10-03Library Block B 2015-10-03 AGRRUA019280  B014 Library Block BAGR សំ​ 1995 B014 Or.1
2015-11-032015-11-03Library Block B 2015-11-03 AGRRUA026864  B014 Library Block BAGR សំ​ 1995 B014 Or.2
មជ្ឈមណ្ឌលឯការនៃសាកលវិទ្យាល័យភូមិន្ទកសិកម្មចំការដូង

Powered by Koha